Top 50 strongest Naruto/Boruto characters - Statistics

General Stats
  • This quiz has been taken 280 times
  • The average score is 26 of 50
Answer Stats
Answer % Correct
Naruto Uzumaki
98%
Sasuke Uchiha
93%
Boruto Uzumaki
92%
Kakashi Hatake
87%
Madara Uchiha
87%
Obito Uchiha
84%
Kaguya Otsutsuki
83%
Itachi Uchiha
80%
Hashirama Senju
78%
Sakura Haruno
78%
Minato Namikaze
77%
Third raikage
77%
Orochimaru
75%
Tsunade Senju
75%
Tobirama Senju
72%
Hagoromo Otsutsuki
70%
Hiruzen Sarutobi
70%
Nagato Uzumaki
70%
Might Guy
63%
Jiraiya
61%
Momoshiki Otsutsuki
61%
Indra Otsutsuki
60%
Isshiki Otsutsuki
60%
Asura Otsutsuki
58%
Kawaki
58%
Hamura Otsutsuki
54%
Killer Bee
47%
Kabuto Yakushi
46%
Mitsuki
45%
Shisui Uchiha
45%
Kinshiki Otsutsuki
41%
Code
40%
Danzo Shimura
39%
Onoki
36%
Shibai
34%
Toneri Otsutsuki
33%
Koji Kashin
31%
Delta
30%
Daemon
27%
Urashiki Otsutsuki
27%
Eida
26%
Mu
26%
Hanzō of the Salamander
22%
Jura
18%
Yagura Karatachi
13%
Boro
12%
Hidari
7%
Matsuri
7%
Bug
5%
Mamushi
5%
No matching quizzes found
Score Distribution
Percent of People with Each Score
Percentile by Number Answered
Your Score History
You have not taken this quiz